Anaerobic biotechnology for industrial wastewaters
Na minha lista:
| Autor principal: | |
|---|---|
| Formato: | Livro |
| Idioma: | inglês |
| Publicado em: |
Nashville
Vanderbilt University
1996
|
| Assuntos: | |
| Tags: |
Adicionar Tag
Sem tags, seja o primeiro a adicionar uma tag!
|
MARC
| LEADER | 00000nam a2200000 a 4500 | ||
|---|---|---|---|
| 001 | UCO4677 | ||
| 003 | CL-VaPUC | ||
| 008 | 000811e19960000us |||||||||||||||||eng|d | ||
| 082 | 0 | 4 | |a 628.51 |b SPE |2 21 |
| 100 | 0 | |a Speece, Richard E |e author |9 449315 | |
| 245 | 1 | 0 | |a Anaerobic biotechnology for industrial wastewaters |
| 300 | |a 394 p | ||
| 942 | |c BK | ||
| 945 | |d 20000811 00:00:00 |a vberengu | ||
| 260 | |a Nashville |b Vanderbilt University |c 1996 | ||
| 650 | 0 | |a Biotecnología |9 259561 | |
| 650 | 7 | |a ELIMINACION DE RESIDUOS |2 CL-VaPUC |9 332226 | |
| 650 | 0 | |a Ingeniería ambiental |9 328689 | |
| 650 | 0 | |a Medio ambiente |9 257625 | |
| 650 | 0 | |a Residuos industriales |9 261421 | |
| 583 | |a last modification |c 20171221 11:35:16 |k Rodrigo Vera | ||
| 999 | |c 290688 |d 290686 | ||
| 952 | |0 0 |1 0 |4 0 |6 628_510000000000000_SPE_1996 |7 0 |8 A |9 340236 |a BIBING |b BIBING |d 2019-11-20 |i 364135K |l 1 |o 628.51 SPE 1996 |p 364135K |q 2020-07-27 |r 2020-07-27 |s 2020-07-27 |w 2019-11-20 |y BK |k ING | ||